000 00625nam a2200217Ia 4500
003 OSt
005 20220926044757.0
006 a|||||r|||| 00| 0
007 ta
008 220923b |||||||| |||| 00| 0 eng d
037 _cGeneral Book
040 _aRTL
_cRTL
_beng
041 _2eng
_aeng
082 _aX655.79164.N6, K7
100 _aVanek Jaroslav
_9251143
245 0 _aEstimating foreign resource needs for economic dev
260 _c1967
490 _aEconomics Handbook Series. Ed by Seymour E Harris
942 _hX655.79164.N6, K7
_cGB
_2CC
999 _c675823
_d675823